Online katalóg knižníc regiónu Turca

Láska k múdrosti (Record no. 20423)

MARC details
000 -LEADER
fixed length control field 01345nam a2200397 a 4500
001 - CONTROL NUMBER
control field 20423
003 - CONTROL NUMBER IDENTIFIER
control field VRT
005 - DATE AND TIME OF LATEST TRANSACTION
control field 20260122130242.0
008 - FIXED-LENGTH DATA ELEMENTS--GENERAL INFORMATION
fixed length control field 960531q1995 xo p 000 0 slo c
020 ## - INTERNATIONAL STANDARD BOOK NUMBER
International Standard Book Number 8088834112 (brož.)
035 ## - SYSTEM CONTROL NUMBER
System control number UKB000184597
040 ## - CATALOGING SOURCE
Original cataloging agency BAA001
Language of cataloging slo
Transcribing agency BAA001
Description conventions AACR2
041 1# - LANGUAGE CODE
Language code of text/sound track or separate title slo
Language code of original grc
044 ## - COUNTRY OF PUBLISHING/PRODUCING ENTITY CODE
MARC country code xo
ISO country code SK
080 ## - UNIVERSAL DECIMAL CLASSIFICATION NUMBER
Universal Decimal Classification number 372.81(075.3)
100 0# - MAIN ENTRY--PERSONAL NAME
Personal name Aristoteles,
Dates associated with a name 384-322 pred Kr.
243 10 - COLLECTIVE UNIFORM TITLE
Uniform title <a href="Grécka filozofia">Grécka filozofia</a>
245 00 - TITLE STATEMENT
Title Láska k múdrosti
Remainder of title (vybrané spisy Aristotela a Platóna)
Statement of responsibility, etc. [prel. Miloslav Okál, Július Špaňár]
260 ## - PUBLICATION, DISTRIBUTION, ETC.
Place of publication, distribution, etc. Rohovce
Name of publisher, distributor, etc. Interpopulart Slovakia
Date of publication, distribution, etc. [1995]
300 ## - PHYSICAL DESCRIPTION
Extent 96 s
490 1# - SERIES STATEMENT
Series statement Populart. Študentská knižnica
Volume/sequential designation 12
500 ## - GENERAL NOTE
General note Grécka filozofia
504 ## - BIBLIOGRAPHY, ETC. NOTE
Bibliography, etc. note Bibliogr. s. 95
650 07 - SUBJECT ADDED ENTRY--TOPICAL TERM
Topical term or geographic name entry element filozofia antická klasická
General subdivision ZŠ a SŠ
-- učebnice
653 ## - INDEX TERM--UNCONTROLLED
Uncontrolled term 372.81(075.3)
700 0# - ADDED ENTRY--PERSONAL NAME
Personal name Platón,
Dates associated with a name 427-347 pred Kr.
Relationship aut
700 1# - ADDED ENTRY--PERSONAL NAME
Personal name Okál, Miloslav
Relationship trl
700 1# - ADDED ENTRY--PERSONAL NAME
Personal name Špaňár, Július,
Dates associated with a name 1917-2007
Relationship trl
760 1# - MAIN SERIES ENTRY
Title Populart. Študentská knižnica
830 #0 - SERIES ADDED ENTRY--UNIFORM TITLE
Uniform title Populart. Študentská knižnica
Volume/sequential designation 12
910 ## - USER-OPTION DATA (OCLC)
User-option data ukb
942 ## - ADDED ENTRY ELEMENTS (KOHA)
Source of classification or shelving scheme Dewey Decimal Classification
Koha item type Krásna literatúra pre dospelých
Suppress in OPAC No
949 ## - LOCAL PROCESSING INFORMATION (OCLC)
6 1800004735
a 30.D.64386
b PV.1825-96
949 ## - LOCAL PROCESSING INFORMATION (OCLC)
6 1800004734
a SL.D.23195
b PV.1826-96
949 ## - LOCAL PROCESSING INFORMATION (OCLC)
6 1800006909
a 30.D.64386
b KD.176-96
q pokrčené strany+obliata
r pokrčené strany+obliata
Holdings
Stav vyradenia Strata Poškodenie Spôsob nadobudnutia Domovská knižnica Aktuálna knižnica Dátum nadobudnutia Total checkouts Čiarový kód exemplára Date last seen Typ exemplára
      Dar Obecná knižnica Horná Štubňa Obecná knižnica Horná Štubňa 22.01.2026   8088834112 22.01.2026 Krásna literatúra pre dospelých
Projekt je podporený Slovenskou asociáciou knižníc
Prevádzkuje Turčianska knižnica Martin 2026